LEADER 00832nam a2200217 i 4500 001 000000060319 003 CaOOAMICUS 005 20140508000000.0 008 140508s1965 xx u000 u fre u 013 $a31491 040 $aSeMil$bita 100 1 $aWidmer, Gabriel Philippe <1923-2013>.$0(OLS)http://semarc/name/30691 245 12$aL'Évangile et l'Athée /$cGabriel - Ph. Widmer. 260 $aGenève :$bLabor et Fides,$ccopyr. 1965. 300 $a165 p. ;$c21 cm. 500 $aContiene : Bibliographie sommaire. 650 4$aAteismo.$0(OLS)http://semarc/subject/2022 850 $aSeMil 852 $aSeMil$W1$xVenegono$y1$m2K II 295$j26472$B26472$CSeMilBibl$Z2$F26475 $81 996 $6245$aL'Évangile et l'Athée$9(OLS)http://semarc/title/94505 996 $6260$aGenève :$bLabor et Fides$9(OLS)http://semarc/publisher/31164 LEADER 01366nam a2200253 i 4500 001 000000091491 003 CaOOAMICUS 005 20160211000000.0 008 160211s1741 it u000 u ita u 013 $a63733 026 $ao-ma 40i- t.r. (aPa (3) 1741 (R) 040 $aSeMil$bita 245 10$aStoria di S. Piero martire di Verona del sagro Ordine de' predicatori scritta dal padre fr. Pier-Tommaso Campana .. 260 $aIn Milano :$bNella Regio-Ducal Corte, per Giuseppe Richino Malatesta stampatore regio camerale,$c1741. 300 $a[16], 320, [16] p. ;$c4º. 500 $aMarca n.c. sul front. - Segn. : *8 A-2T4 (2T4 bianca). - Iniz. xilogr. 650 4$aPietro : da Verona .$0(OLS)http://semarc/subject/5398 700 1 $aCampana, Pier Tommaso.$0(OLS)http://semarc/name/40906 700 1 $aMalatesta, Giuseppe Richino,$c.$0(OLS)http://semarc/name/15115 850 $aSeMil 852 $aSeMil$W1$xVenegono$y1$m3J V 9 FA$j54440$B54440$CSeMilBibl$Z2$F59092 $8I 961 $aOmaggio: Seminario di Seveso 996 $6245$aStoria di S. Piero martire di Verona del sagro Ordine de' predicatori scritta dal padre fr. Pier-Tommaso Campana ..$9(OLS)http://semarc/title/137623 996 $6260$aIn Milano :$bNella Regio-Ducal Corte, per Giuseppe Richino Malatesta stampatore regio camerale$9(OLS)http://semarc/publisher/37134